1737 1463 1815 1177 1704 1263 1704 1031 1285 1458 1502 1783 1274 1362 1019 1766 1746 1479 1562 1498 1445 1285 1324 1197 1706 1639 1070 1473 1869 1432 1413 1644 1427 1720 1780 1254 1980 1373 1858 1913 1225 1771 1973 1640 1079 1730 1271 1652 1497 1688 1590 1501 1482 1873 1444 1903 1337 1964 1918 1151 1677 1490 1254 1647 1514 1028 1276 1673 1403 1098 1331 1515 1675 1978 1083 1589 1009 1709 1220 1015 1689 1838 1573 1724 1056 1823 1823 1055 1818 1089 1162 1661 1758 1437 1725 1713 1496 1379 1061 BCNSPRNW ULIB Ver.6.0+V

เปลี่ยนเป็นภาษาไทย

Change to English
 แสดงรายละเอียดบรรณานุกรม
  กลับหน้าหลัก

Brief Record : Get Marc (ISO 2709) : E-mail record : QR code < ปิดหน้าต่าง
LEADER : 00000nam 2200000uu 4500
001    13399128649
003     ULIB
008    230925s2565||||th 000 0 tha d
020    ^a9786161849825
050  0 ^aนว^bอ893จ
100 1  ^aเอ็นเด้, มิชาเอ็ล
245 10 ^aจินตนาการไม่รู้จบ =^bDie unendliche geschichte /^cเรื่อง :มิชาเอ็ล เอ็นเด้ ; รัตนา รัตนดิลกชัย, แปล
246 31 ^aDie unendliche geschichte
250    ^aพิมพ์ครั้งที่ 10
260    ^aกรุงเทพฯ :^bแพรวเยาวชน,^c2565
300    ^a477 หน้า ;^c21 ซม.
650  4 ^aนวนิยาย
650  4 ^aนวนิยายสำหรับเยาวชน
650  4 ^aนวนิยายเยอรมัน
700 0  ^aรัตนา รัตนดิลกชัย,^eผู้แปล
700 12 ^aEnde, Michael.^tDie unendliche Geschichte
830  0 ^aวรรณกรรมเยาวชน ;^vลำดับที่ 83
945    ^p445^l0^i30007
999    ^aกัณชพร จุลอักษร
รายการนี้ยังไม่มีแท็ก
คุณยังไม่ได้ล็อกอิน คุณสามารถมีกิจกรรมร่วมกับเว็บไซต์ได้ แต่ต้องล็อกอินก่อน ::
  ล็อกอิน

รายการสื่อสารสนเทศ

ลำดับที่ ประเภท เลขเรียก/บาร์โค้ด สถานที่ สถานะ
1. วิทยาศาสตร์การแพทย์ และสุขภาพ
วิทยาศาสตร์การแพทย์ และสุขภาพ
นว อ893จ ฉ.1 
  Barcode: 30007
ห้องสมุดวิทยาเขตนครสวรรค์
►นวนิยาย:l:Fiction
บนชั้น

รายการใกล้เคียง
    ผู้แต่ง [เอ็นเด้, มิชาเอ็ล]

    หัวเรื่อง [นวนิยาย]
    หัวเรื่อง [นวนิยายสำหรับเยาวชน]
    หัวเรื่อง [นวนิยายเยอรมัน]

BibComment


ยังไม่เคยถูกคอมเมนท์

คอมเมนท์ทรัพยากรรายการนี้
  คอมเมนท์: จินตนาการไม่รู้จ..


 Copyright 2026. Bcnsprnw @Library